000 00593nam a2200217Ia 4500
003 OSt
005 20240506154820.0
008 210210b xxu||||| |||| 00| 0 eng d
040 _cAL
041 _aKannada
082 _a852/513
100 _aVASUDEV BHUPALAM
_d ವಾಸುದೇವ ಭೂಪಾಲ೦
_9163350
245 _aAlau karnataka devi
_bಆಳವು ಕರ್ನಾಟಕದೇವಿ
260 _aBengaLuru
_b-
650 _akarNaTaka
_9163351
650 _adEvi
_9163352
650 _aALau
_9163353
690 _aKannada Prose
_9163354
906 _a019079
942 _2ddc
_cBK
999 _c143162
_d143162